000 00418nam a22001571a 4500
082 _aT 780.148
_bRUK/B
100 _aRukmini Ramani
245 _aBrahma Sri Papanasa Sivan avargalin keerthana malai (part 2)/
_cby Rukmini Ramani
260 _aChennai:
_bRukmini Ramani,
_c2008.
300 _a314p.
650 _aNotation Carnatic Music
650 _aCarnatic Music
650 _aMusic
650 _aArts
942 _cBK
999 _c5852
_d5852